| 000 | 00841cab a2200241 4500 | ||
|---|---|---|---|
| 001 | ABS51323 | ||
| 008 | 090401t1994 xxu||||| |||| 00| 0 eng d | ||
| 035 | _a(Sirsi) u21897 | ||
| 041 | _aeng | ||
| 100 | _aGould, N. | ||
| 245 | _aPaths to glory - or roads to ruin? | ||
| 260 | _c1994 | ||
| 350 | _a0 | ||
| 490 |
_aContract Journal _v374(5986) 4 August 1994, 12-13 (2) |
||
| 520 | _aDiscusses the government`s Design Build Finance and Operate road schemes, outlining how they differ from traditional road construction, legal issues to be considered, design and construction, operation and road tolls. | ||
| 650 | _aDBFO SCHEMES | ||
| 650 | _aDESIGN BUILD FINANCE AND OPERATE SCHEMES | ||
| 650 |
_aInfrastructure _96246 |
||
| 650 | _aROADBUILDING | ||
| 690 | _aTRANSPORT AND COMMUNICATIONS | ||
| 942 | _n0 | ||
| 948 | _c04/03/1997 | ||
| 999 |
_c14673 _d14673 |
||